[Каталог граммофонов и аксессуаров] (Запись № 11877723)
[ простой вид ]
| 000 -МАРКЕР | |
|---|---|
| контрольное поле | 01133nam0a2200265 4500 |
| 001 - ИДЕНТИФИКАТОР ЗАПИСИ | |
| контрольное поле | RU\NLR\BIBL_A\012095535 |
| 005 - ИДЕНТИФИКАТОР ВЕРСИИ | |
| контрольное поле | 20250623205637.0 |
| 035 ## - ДРУГИЕ СИСТЕМНЫЕ НОМЕРА | |
| Идентификатор записи | (NLR Aleph) 012095535 |
| 100 ## - ДАННЫЕ ОБЩЕЙ ОБРАБОТКИ | |
| Данные общей обработки | 20190918d1903 |||y0rusy50 ca |
| 101 0# - ЯЗЫК РЕСУРСА | |
| Язык текста, звукозаписи и т.д. | русский |
| 102 ## - СТРАНА ПУБЛИКАЦИИ ИЛИ ПРОИЗВОДСТВА | |
| Страна публикации | Российская Федерация |
| 105 ## - ПОЛЕ КОДИРОВАННЫХ ДАННЫХ: ТЕКСТОВЫЕ МАТЕРИАЛЫ, МОНОГРАФИЧЕСКИЕ | |
| Кодированные данные о монографическом текстовом документе | a|||b|||000z| |
| 200 1# - ЗАГЛАВИЕ И СВЕДЕНИЯ ОБ ОТВЕТСТВЕННОСТИ | |
| Основное заглавие | [Каталог граммофонов и аксессуаров] |
| Обозначение и номер части | вып. 14-й |
| Первые сведения об ответственности | Анатолий Вернер, Большой склад: граммофонов |
| 210 ## - ПУБЛИКАЦИЯ, РАСПРОСТРАНЕНИЕ И ДР. | |
| Место издания, распространения и т.д. | Харьков |
| Имя издателя, распространителя и т. д. | Паровая типо-литография М.Я. Дрейшпуля |
| Дата издания, распространения и т.д. | ценз. 1903 |
| 215 ## - ФИЗИЧЕСКАЯ ХАРАКТЕРИСТИКА | |
| Специфическое обозначение материала и объем | 32, [2] с. |
| Другие сведения о физической характеристике | ил. |
| 606 1# - НАИМЕНОВАНИЕ ТЕМЫ КАК ПРЕДМЕТ | |
| Наименование темы | Граммофоны |
| Формальный подзаголовок | Каталоги |
| Системный номер авторитетной/нормативной записи | 899291 |
| Идентификатор авторитетной/нормативной записи | RU\NLR\AUTH\66326706 |
| 686 3# - ИНДЕКСЫ ДРУГИХ КЛАССИФИКАЦИЙ | |
| Индекс | З871.2-55я87 |
| 711 00 - НАИМЕНОВАНИЕ ОРГАНИЗАЦИИ - АЛЬТЕРНАТИВНАЯ ОТВЕТСТВЕННОСТЬ | |
| Начальный элемент ввода | Вернер, |
| Структурное подразделение | Большой склад граммофонов |
| Идентифицирующий признак | Харьков |
| Инверсированный элемент | Анатолий , |
| Часть наименования, отличная от начального элемента ввода и от инверсированного элемента | магазин |
| Системный номер авторитетной/нормативной записи | 677646 |
| Идентификатор авторитетной/нормативной записи | RU\NLR\AUTH\880508721 |
| 852 ## - МЕСТОНАХОЖДЕНИЕ И ШИФР ХРАНЕНИЯ | |
| Идентификатор организации | NLR |
| Шифр хранения (Call Number) | 34.48.3.880 |
| 942 ## - ДОПОЛНИТЕЛЬНЫЕ ЭЛЕМЕНТЫ ЗАПИСИ (АБИС) | |
| Тип экземпляра АБИС | Книга |
| 980 ## - КОЛЛЕКЦИЯ | |
| Название коллекции | Национальная библиография |
Нет доступных экземпляров.